LAPIZ/ (Record no. 3678)

MARC details
000 -LEADER
campo de control de longitud fija 01536nam a22004337a 4500
003 - IDENTIFICADOR DE NÚMERO DE CONTROL
campo de control OSt
005 - FECHA Y HORA DE LA ÚLTIMA TRANSACCIÓN
campo de control 20230524084627.0
008 - DATOS DE LONGITUD FIJA--INFORMACIÓN GENERAL
campo de control de longitud fija 221006b |||||||| |||| 00| 0 eng d
040 ## - FUENTE DE CATALOGACIÓN
Centro/agencia transcriptor Biblioteca Lado V
082 ## - NÚMERO DE LA CLASIFICACIÓN DECIMAL DEWEY
Número de clasificación 700
Número de ítem A786l
110 ## - ENTRADA PRINCIPAL--NOMBRE DE ENTIDAD CORPORATIVA
9 (RLIN) 830
Nombre de entidad corporativa o nombre de jurisdicción como elemento de entrada ARTEDER
Término indicativo de función/relación Editor
245 ## - MENCIÓN DEL TÍTULO
Título LAPIZ/
Resto del título Revista Mensual de Arte/
260 ## - PUBLICACIÓN, DISTRIBUCIÓN, ETC.
Nombre del editor, distribuidor, etc. Feria internacional de Bilbao
Fecha de publicación, distribución, etc. 1995
Lugar de publicación, distribución, etc. España
300 ## - DESCRIPCIÓN FÍSICA
Dimensiones 22x29cm
Extensión 98p.
366 ## - INFORMACIÓN SOBRE DISPONIBILIDAD COMERCIAL
Nota spa
490 ## - MENCIÓN DE SERIE
Mención de serie 111
Designación de volumen o secuencia XIII
505 ## - NOTA DE CONTENIDO CON FORMATO
Nota de contenido con formato Editorial
505 ## - NOTA DE CONTENIDO CON FORMATO
Nota de contenido con formato ARTE GLOBAL
505 ## - NOTA DE CONTENIDO CON FORMATO
Nota de contenido con formato Comentario sobre el multiculturalismo
505 ## - NOTA DE CONTENIDO CON FORMATO
Nota de contenido con formato El arte de las políticas exóticas
505 ## - NOTA DE CONTENIDO CON FORMATO
Nota de contenido con formato Entrevista con Eugenio Cano
505 ## - NOTA DE CONTENIDO CON FORMATO
Nota de contenido con formato Eva Hesse, Cindy Sherman y Robert Gober
505 ## - NOTA DE CONTENIDO CON FORMATO
Nota de contenido con formato Entrevista con Jonathan Lasker
505 ## - NOTA DE CONTENIDO CON FORMATO
Nota de contenido con formato Hiperrealidad del sujeto
505 ## - NOTA DE CONTENIDO CON FORMATO
Nota de contenido con formato Poeticas de la supervivencia
505 ## - NOTA DE CONTENIDO CON FORMATO
Nota de contenido con formato Cartografias
505 ## - NOTA DE CONTENIDO CON FORMATO
Nota de contenido con formato Once artistas de Galicia
505 ## - NOTA DE CONTENIDO CON FORMATO
Nota de contenido con formato Cronicas de exposiciones
650 ## - PUNTO DE ACCESO ADICIONAL DE MATERIA--TÉRMINO DE MATERIA
Fuente del encabezamiento o término Tesauro de Arte & Arquitectura
Término de materia o nombre geográfico como elemento de entrada ARTE
9 (RLIN) 703
650 ## - PUNTO DE ACCESO ADICIONAL DE MATERIA--TÉRMINO DE MATERIA
Fuente del encabezamiento o término Tesauro de Arte & Arquitectura
Término de materia o nombre geográfico como elemento de entrada ARQUITECTURA
650 ## - PUNTO DE ACCESO ADICIONAL DE MATERIA--TÉRMINO DE MATERIA
Fuente del encabezamiento o término Tesauro de Arte & Arquitectura
Término de materia o nombre geográfico como elemento de entrada FOTOGRAFIA
9 (RLIN) 702
650 ## - PUNTO DE ACCESO ADICIONAL DE MATERIA--TÉRMINO DE MATERIA
Fuente del encabezamiento o término Tesauro de Arte & Arquitectura
Término de materia o nombre geográfico como elemento de entrada ENTREVISTAS
650 ## - PUNTO DE ACCESO ADICIONAL DE MATERIA--TÉRMINO DE MATERIA
Fuente del encabezamiento o término Tesauro de Arte & Arquitectura
Término de materia o nombre geográfico como elemento de entrada ARQUEOLOGIA
650 ## - PUNTO DE ACCESO ADICIONAL DE MATERIA--TÉRMINO DE MATERIA
Fuente del encabezamiento o término Tesauro de Arte & Arquitectura
Término de materia o nombre geográfico como elemento de entrada REPORTAJES
650 ## - PUNTO DE ACCESO ADICIONAL DE MATERIA--TÉRMINO DE MATERIA
Fuente del encabezamiento o término Tesauro de Arte & Arquitectura
Término de materia o nombre geográfico como elemento de entrada LIBROS
650 ## - PUNTO DE ACCESO ADICIONAL DE MATERIA--TÉRMINO DE MATERIA
Fuente del encabezamiento o término Tesauro de Arte & Arquitectura
Término de materia o nombre geográfico como elemento de entrada NOTICIAS
651 ## - PUNTO DE ACCESO ADICIONAL DE MATERIA--NOMBRE GEOGRÁFICO
Fuente del encabezamiento o término Tesauro de Arte & Arquitectura
Nombre geográfico SUBASTAS
942 ## - ELEMENTOS DE ENTRADA SECUNDARIOS (KOHA)
Fuente del sistema de clasificación o colocación Clasificación Decimal Dewey
Tipo de ítem Koha Libros
Parte de la signatura que corresponde a la clasificación (Parte de la clasificación) 700
Parte de la signatura que identifica el ejemplar (Parte del ítem) A786l
Suprimir en OPAC No
Holdings
Estatus retirado Estado de pérdida Fuente del sistema de clasificación o colocación Especificación de materiales (volumen encuadernado u otra parte) Estado de daño No para préstamo Colección Biblioteca de origen Biblioteca actual Fecha de adquisición Enumeración/cronología de publicación seriada Número de inventario Total de préstamos Signatura topográfica completa Código de barras Visto por última vez Precio de reemplazo Tipo de ítem Koha
    Clasificación Decimal Dewey XIII     Revistas Biblioteca LadoV Biblioteca LadoV 24/05/2023 111 003682   700 A786l 003682 24/05/2023 24/05/2023 Libros